<?xml version="1.0" encoding="UTF-8"?>
<collection xmlns="http://www.loc.gov/MARC21/slim">
<record>
  <controlfield tag="001">415</controlfield>
  <controlfield tag="005">20250930110938.0</controlfield>
  <controlfield tag="008">071218q17011800sp      d     000 0 spa dntm a </controlfield>
  <datafield tag="040" ind1=" " ind2=" ">
    <subfield code="a">UZ.GRL</subfield>
  </datafield>
  <datafield tag="041" ind1=" " ind2=" ">
    <subfield code="a">spa</subfield>
  </datafield>
  <datafield tag="245" ind1=" " ind2=" ">
    <subfield code="a">Mis apuntes</subfield>
  </datafield>
  <datafield tag="300" ind1=" " ind2=" ">
    <subfield code="a">12 vols. ;</subfield>
    <subfield code="c">220 x 160 mm.</subfield>
  </datafield>
  <datafield tag="538" ind1=" " ind2=" ">
    <subfield code="a">Texto completo System requirements: PC, World Wide Web Browser and DJVU reader</subfield>
  </datafield>
  <datafield tag="538" ind1=" " ind2=" ">
    <subfield code="a">Texto completo Available electronically via Internet</subfield>
  </datafield>
  <datafield tag="540" ind1=" " ind2=" ">
    <subfield code="9">info:eu-repo/semantics/openAccess</subfield>
    <subfield code="a">by</subfield>
    <subfield code="u">https://creativecommons.org/licenses/by/4.0/deed.es</subfield>
  </datafield>
  <datafield tag="655" ind1=" " ind2="4">
    <subfield code="a">info:eu-repo/semantics/book</subfield>
  </datafield>
  <datafield tag="856" ind1="4" ind2=" ">
    <subfield code="s">10121113</subfield>
    <subfield code="u">http://zaguan.unizar.es/record/415/files/M_046.djvu</subfield>
    <subfield code="z">Texto completo M-46</subfield>
  </datafield>
  <datafield tag="856" ind1="4" ind2=" ">
    <subfield code="s">13484781</subfield>
    <subfield code="u">http://zaguan.unizar.es/record/415/files/M_048.djvu</subfield>
    <subfield code="z">Texto completo M-48</subfield>
  </datafield>
  <datafield tag="856" ind1="4" ind2=" ">
    <subfield code="s">14936251</subfield>
    <subfield code="u">http://zaguan.unizar.es/record/415/files/M_049.djvu</subfield>
    <subfield code="z">Texto completo M-49</subfield>
  </datafield>
  <datafield tag="856" ind1="4" ind2=" ">
    <subfield code="s">16580895</subfield>
    <subfield code="u">http://zaguan.unizar.es/record/415/files/M_039.djvu</subfield>
    <subfield code="z">Texto completo M-39</subfield>
  </datafield>
  <datafield tag="856" ind1="4" ind2=" ">
    <subfield code="s">17452559</subfield>
    <subfield code="u">http://zaguan.unizar.es/record/415/files/M_040.djvu</subfield>
    <subfield code="z">Texto completo M-40</subfield>
  </datafield>
  <datafield tag="856" ind1="4" ind2=" ">
    <subfield code="s">18321700</subfield>
    <subfield code="u">http://zaguan.unizar.es/record/415/files/M_038.djvu</subfield>
    <subfield code="z">Texto completo M-38</subfield>
  </datafield>
  <datafield tag="856" ind1="4" ind2=" ">
    <subfield code="s">19201946</subfield>
    <subfield code="u">http://zaguan.unizar.es/record/415/files/M_045.djvu</subfield>
    <subfield code="z">Texto completo M-45</subfield>
  </datafield>
  <datafield tag="856" ind1="4" ind2=" ">
    <subfield code="s">25039631</subfield>
    <subfield code="u">http://zaguan.unizar.es/record/415/files/M_042.djvu</subfield>
    <subfield code="z">Texto completo M-42</subfield>
  </datafield>
  <datafield tag="856" ind1="4" ind2=" ">
    <subfield code="s">25479171</subfield>
    <subfield code="u">http://zaguan.unizar.es/record/415/files/M_041.djvu</subfield>
    <subfield code="z">Texto completo M-41</subfield>
  </datafield>
  <datafield tag="856" ind1="4" ind2=" ">
    <subfield code="s">27645961</subfield>
    <subfield code="u">http://zaguan.unizar.es/record/415/files/M_047.djvu</subfield>
    <subfield code="z">Texto completo M-47</subfield>
  </datafield>
  <datafield tag="856" ind1="4" ind2=" ">
    <subfield code="s">27777001</subfield>
    <subfield code="u">http://zaguan.unizar.es/record/415/files/M_044.djvu</subfield>
    <subfield code="z">Texto completo M-44</subfield>
  </datafield>
  <datafield tag="856" ind1="4" ind2=" ">
    <subfield code="s">8812027</subfield>
    <subfield code="u">http://zaguan.unizar.es/record/415/files/M_043.djvu</subfield>
    <subfield code="z">Texto completo M-43</subfield>
  </datafield>
  <datafield tag="907" ind1=" " ind2=" ">
    <subfield code="a">.b1502294</subfield>
  </datafield>
  <datafield tag="909" ind1="C" ind2="O">
    <subfield code="o">oai:zaguan.unizar.es:415</subfield>
    <subfield code="p">fondo-historico</subfield>
    <subfield code="p">driver</subfield>
  </datafield>
  <datafield tag="980" ind1=" " ind2=" ">
    <subfield code="a">FH</subfield>
    <subfield code="b">manuscritos</subfield>
  </datafield>
</record>
</collection>